| 000 | 00714cab a2200241 4500 | ||
|---|---|---|---|
| 001 | WB3406-14 | ||
| 008 | 090401t1998 xxu||||| |||| 00| 0 eng d | ||
| 035 | _a(Sirsi) u84224 | ||
| 041 | _aeng | ||
| 245 | _aReady for the Euro | ||
| 260 | _c1998 | ||
| 350 | _a0 | ||
| 490 |
_aFinancial Times _v10 February 1998, 18(2) |
||
| 520 | _aThe question of whether contracts, in existence when the Euro is introduced, will be considered valid, is being researched by the Financial Law Panel. | ||
| 650 | _aCONTINUITY OF CONTRACTS | ||
| 650 |
_aContracts _96232 |
||
| 650 | _aECU | ||
| 650 | _aEMU | ||
| 650 | _aEURO | ||
| 690 | _aPROPERTY-PROPERTY FINANCE AND INVESTMENT | ||
| 942 | _n0 | ||
| 948 | _c13/02/1998 | ||
| 999 |
_c52922 _d52922 |
||